000 00640nam a2200229Ia 4500
003 OSt
005 20221007080802.0
006 a|||||r|||| 00| 0
007 ta
008 221006b |||||||| |||| 00| 0 eng d
024 _a11,403
037 _cTextual
040 _aFLL
_cFLL
_beng
041 _2eng
_aeng
082 _aVIN45:5:Z1, M6
100 _aMeron Theodor Au.
_9695510
245 0 _aHuman rights law-making in the united nations
260 _aNew York
_bClarendon press oxford U.S.A.
_c1986
300 _a351p
_ccm.
942 _hVIN45:5:Z1, M6
_cTEXL
_2CC
999 _c1160888
_d1160888